Battle Ready for the 21st Century/ (Record no. 210208)

MARC details
000 -LEADER
fixed length control field 00637nam a22002057a 4500
005 - DATE AND TIME OF LATEST TRANSACTION
control field 20250310171536.0
010 ## - LCCN (DPL NO)
LC control number ENG-144073
020 ## - INTERNATIONAL STANDARD BOOK NUMBER
International Standard Book Number 9789390095261
Terms of availability 995.00
035 ## - SYSTEM CONTROL NUMBER
System control number EN-127605
037 ## - SOURCE OF ACQUISITION
Source of stock number/acquisition DBAD
082 ## - DEWEY DECIMAL CLASSIFICATION NUMBER
Classification number 954.02
Edition number 1
245 ## - TITLE STATEMENT
Title Battle Ready for the 21st Century/
Statement of responsibility, etc Edited by A.K Singh [and] Narender Kumar
250 ## - EDITION STATEMENT
Edition statement 1
260 ## - PUBLICATION, DISTRIBUTION, ETC. (IMPRINT)
Place of publication, distribution, etc New Delhi
Name of publisher, distributor, etc Pentagon Press
Date of publication, distribution, etc 2021
270 ## - ADDRESS
Address 206, Peacock Lane, Shahpur Jat,
City New Delhi
Postal code 110049
300 ## - PHYSICAL DESCRIPTION
Extent xii,284p.
Dimensions 24cm(Hb)
700 ## - ADDED ENTRY--PERSONAL NAME
Personal name A.K Singh
Relator term Editor
9 (RLIN) 79481
700 ## - ADDED ENTRY--PERSONAL NAME
Personal name Narender Kumar
Relator term Editor
9 (RLIN) 79482
942 ## - ADDED ENTRY ELEMENTS (KOHA)
Source of classification or shelving scheme Dewey Decimal Classification
Item type English Books
Call number suffix BAT
Classification part 954.02
Holdings
Withdrawn status Lost status Not for loan Collection code Home library Current library Date acquired Source of acquisition Cost, normal purchase price Full call number Barcode Copy number Cost, replacement price Koha item type
      Non-fiction Central Library Central Library 10/03/2025 Delivery of Books Act Division 995.00 BAT 954.02 EN-127605 1 995.00 English Books

© Delhi Public Library
Hit Counter
free hit counter